MARC

LEADER 00000nam0a2200000 4500
001 359500
005 20231102011209.0
035 |a (RuTPU)RU\TPU\retro\16780 
090 |a 359500 
100 |a 20201106d1951 k y0rusy50 ca 
101 0 |a rus 
102 |a RU 
105 |a af z 000zy 
200 1 |a Компенсация реактивности электропередач с одновременным ограничением токов короткого замыкания  |f А. И. Зайцев  |g Томский политехнический институт ; науч. рук. В. К. Щербаков 
210 |a Томск  |c [Б. и.]  |d 1951 
215 |a 17 л.  |c ил. 
300 |a Машинопись 
606 1 |a Токи короткого замыкания  |2 stltpush  |3 (RuTPU)RU\TPU\subj\60879  |9 78102 
606 1 |a Конденсаторы статические  |2 stltpush  |3 (RuTPU)RU\TPU\subj\15323  |9 41575 
610 1 |a коллекция ТПУ 
610 1 |a труды учёных ТПУ 
610 1 |a электростанции 
610 1 |a электропередачи 
610 1 |a высокое напряжение 
610 1 |a индуктивное сопротивление 
610 1 |a мощность 
610 1 |a генераторы 
610 1 |a возбуждение тока 
610 1 |a снижение 
610 1 |a продольная компенсация 
610 1 |a дроссели насыщения 
610 1 |a трансформаторы тока 
610 1 |a шунтирующие сопротивления 
610 1 |a ток короткого замыкания 
610 1 |a ограничения 
610 1 |a динамическая устойчивость 
610 1 |a линии передачи 
675 |a 621.3.064  |v 4 
675 |a 621.319.4  |v 4 
700 1 |a Зайцев  |b А. И.  |c российский ученый, специалист в области энергетики  |c профессор Томского политехнического института  |f 1923-  |g Александр Иванович  |2 stltpush  |3 (RuTPU)RU\TPU\pers\19789 
702 1 |a Щербаков  |b В. К.  |c российский ученый в области электрических сетей и систем  |c профессор ТПИ  |f 1903-1981  |g Василий Кузьмич  |2 stltpush  |3 (RuTPU)RU\TPU\pers\21926  |4 727  |9 9262 
712 0 2 |a Томский политехнический институт  |c (1944-1991)  |2 stltpush  |3 (RuTPU)RU\TPU\col\1123  |9 23521 
801 1 |a RU  |b 63413507  |c 20201106 
801 2 |a RU  |b 63413507  |c 20201106  |g RCR 
942 |c BK